Dizajn neštandardných robotických mechanizmov

Výhody paralelných robotov. Neštandardné paralelné robotické mechanizmy s 2 stupňami voľnosti, 3 stupňami voľnosti a s 4 stupňami voľnosti. Paralelné kinematické štruktúry.

Salvato in:
Dettagli Bibliografici
Autore principale: Svetlík, Jozef
Altri autori: Daneshjo, Naqibullah, 1964-
Natura: Capitolo di libro
Lingua:slovacco
Soggetti:
Tags: Aggiungi Tag
Nessun Tag, puoi essere il primo ad aggiungerne!!

MARC

LEADER 00000naa a2200000 4500
001 0270647
005 20240502074238.0
041 0 |a slo 
044 |a SK 
245 1 0 |a Dizajn neštandardných robotických mechanizmov  |c Jozef Svetlík, Naqibullah Daneshjo 
520 |a Výhody paralelných robotov. Neštandardné paralelné robotické mechanizmy s 2 stupňami voľnosti, 3 stupňami voľnosti a s 4 stupňami voľnosti. Paralelné kinematické štruktúry. 
610 2 0 |a robotizácia 
610 2 0 |a mechanizácia 
610 2 0 |a moduly 
610 2 0 |a typológia 
100 1 |a Svetlík, Jozef 
700 1 |a Daneshjo, Naqibullah, 1964-